000 01443nam a2200349Ia 4500
001 ebr10371915
003 CaPaEBR
006 m u
007 cr cn|||||||||
008 090430r20092007miua sb 001 0 eng d
020 _z9780472033812
020 _z0472033816
040 _aCaPaEBR
_cCaPaEBR
035 _a(OCoLC)647888945
050 1 4 _aHV1559.G3
_bP66 2009eb
100 1 _aPoore, Carol.
245 1 0 _aDisability in Twentieth-century German culture
_h[electronic resource] /
_cCArol Poore.
260 _aAnn Arbor :
_bUniv of Michigan Pr.,
_c2009, c2007.
300 _axxii, 407 p. :
_bill.
490 1 _aCorporealities : discourses of disability
504 _aIncludes bibliographical references and index.
533 _aElectronic reproduction.
_bPalo Alto, Calif. :
_cebrary,
_d2010.
_nAvailable via World Wide Web.
_nAccess may be limited to ebrary affiliated libraries.
650 0 _aPeople with disabilities
_zGermany
_xHistory
_y20th century.
650 0 _aPeople with disabilities
_zGermany
_xPublic opinion.
650 0 _aPublic opinion
_zGermany.
650 0 _aPeople with disabilities
_xNazi persecution.
650 0 _aPeople with disabilities
_zUnited States
_vCase studies.
655 7 _aElectronic books.
_2local
710 2 _aebrary, Inc.
830 0 _aCorporealities.
856 4 0 _uhttp://site.ebrary.com/lib/rucke/Doc?id=10371915
_zAn electronic book accessible through the World Wide Web; click to view
999 _c98125
_d98125